| 000 | 00878nam a2200301 a 4500 | ||
|---|---|---|---|
| 001 | BRL_203 | ||
| 005 | 20190320210631.0 | ||
| 008 | 930302s1993####u--a#####b---#000-0#eng-# | ||
| 020 | _a0300055765 | ||
| 020 | _a0300055811 | ||
| 040 |
_aDLC _cDLC _dDLC |
||
| 041 | _aeng | ||
| 044 | _au | ||
| 050 | 4 |
_aND237.O5 _b.E43 1993 |
|
| 100 | 1 |
_aEldredge, Charles C. _923213 |
|
| 245 | 1 | 0 |
_aGeorgia O´Keeffe _bAmerican and Modern _cCharles C. Eldredge. |
| 260 |
_aNew Haven _bYale University Press _c1993 |
||
| 300 |
_a226 p. _bil. _c30 cm. |
||
| 500 | _aAu242 | ||
| 504 | _aBibliografía : p. 221 | ||
| 600 | 1 | 4 |
_aO´Keeffe, Georgia _d1887-1986 _vExposiciones _923015 |
| 700 | 1 |
_aO´Keeffe, Georgia _d1887-1986 _923214 |
|
| 710 | 2 |
_aHayward Gallery _923215 |
|
| 710 | 2 |
_aPalacio de Bellas Artes _923216 |
|
| 710 | 2 |
_aYokohama Bijutsukan _923217 |
|
| 902 | _aGRL | ||
| 942 |
_2lcc _cB |
||
| 999 |
_c9016 _d9016 |
||